Spanish MLB Team Names to English Quiz - Statistics

General Stats
  • This quiz has been taken 98 times
    55 since last reset
  • The average score is 11 of 15
Answer Stats
Spanish English % Correct
Los Tigres Detroit Tigers
100%
Los Bravos Atlanta Braves
96%
Los Atléticos Oakland Athletics
96%
Los Marineros Seattle Mariners
94%
Los Piratas Pittsburgh Pirates
91%
Los Gigantes San Francisco Giants
91%
Los Rojos Cincinnati Reds
89%
Los Cardenales St. Louis Cardinals
89%
Los Nacionales Washington Nationals
89%
Los Filis Philadelphia Phillies
66%
Los Azulejos Toronto Blue Jays
62%
Los Reales Kansas City Royals
60%
Los Cerveceros Milwaukee Brewers
38%
Los Cachorros Chicago Cubs
32%
Los Mellizos Minnesota Twins
23%
No matching quizzes found
Score Distribution
Percent of People with Each Score
Percentile by Number Answered
Your Score History
You have not taken this quiz since the last reset